000 00350cam a22001097a 4500
008 180718b1982 xxu||||| |||| 00| 0 eng d
082 _aP068x5452 T152/4
245 _aAll India educational survey: state report Tamil Nadu
_cby Goverment of Tamil Nadu
260 _aTamil Nadu
_bThe Director of Stationery
_c1982
300 _a236p.
700 _aTamil Nadu
999 _c494463
_d494463